The Electrical engineering: handbook / (Record no. 12807)

000 -LEADER
fixed length control field 00409nam a2200145 4500
008 - FIXED-LENGTH DATA ELEMENTS--GENERAL INFORMATION
fixed length control field 210608b ||||| |||| 00| 0 eng d
020 ## - INTERNATIONAL STANDARD BOOK NUMBER
International Standard Book Number 0849301858
082 00 - DEWEY DECIMAL CLASSIFICATION NUMBER
Classification number 621.3
Item number D719
100 ## - MAIN ENTRY--PERSONAL NAME
9 (RLIN) 3871
Personal name Dort, Richard C.
245 10 - TITLE STATEMENT
Title The Electrical engineering: handbook /
260 ## - PUBLICATION, DISTRIBUTION, ETC. (IMPRINT)
Place of publication, distribution, etc London:
Name of publisher, distributor, etc CRC,
Date of publication, distribution, etc 1993.
300 ## - PHYSICAL DESCRIPTION
Extent xxvii, 2661p.
650 #0 - SUBJECT ADDED ENTRY--TOPICAL TERM
Topical term or geographic name as entry element Electrical Engineering
942 ## - ADDED ENTRY ELEMENTS (KOHA)
Source of classification or shelving scheme
Item type Books
Holdings
Withdrawn status Lost status Source of classification or shelving scheme Damaged status Not for loan Permanent location Current location Date acquired Full call number Barcode Date last seen Koha item type
          IMU Kolkata IMU Kolkata 2021-06-08 621.3 D719 08692 2021-06-08 Books
Designed and Maintained by IMU-KC Library, Kolkata Campus © Copyright All Rights Reserved

webs counters

Powered by Koha